NLSUI OPAC header image

Citizenship and its discontents : (Record no. 33667)

MARC details
000 -LEADER
fixed length control field 00964nam a2200217Ia 4500
003 - CONTROL NUMBER IDENTIFIER
control field OSt
005 - DATE AND TIME OF LATEST TRANSACTION
control field 20260527110445.0
008 - FIXED-LENGTH DATA ELEMENTS--GENERAL INFORMATION
fixed length control field 160316s2013 xxu||||| |||| 00| 0 eng d
020 ## - INTERNATIONAL STANDARD BOOK NUMBER
International Standard Book Number 8178243717 (hbk.)
040 ## - CATALOGING SOURCE
Transcribing agency n
082 ## - DEWEY DECIMAL CLASSIFICATION NUMBER
Classification number 323.060954 JAY
100 ## - MAIN ENTRY--PERSONAL NAME
Personal name Jayal, Niraja Gopal
245 ## - TITLE STATEMENT
Title Citizenship and its discontents :
Remainder of title an Indian history /
Statement of responsibility, etc. Niraja Gopal Jayal
260 ## - PUBLICATION, DISTRIBUTION, ETC.
Place of publication, distribution, etc. New Delhi :
Name of publisher, distributor, etc. Permanent Black ,
Date of publication, distribution, etc. 2013.
300 ## - PHYSICAL DESCRIPTION
Extent viii,366 p. :
Dimensions 23 cm
365 ## - TRADE PRICE
Price amount Rs. 795
505 ## - Contents
Contents The subject-citizen: a colonial anomaly;<br/>Legal citizenship and the long shadow of the partition;<br/>Aspirational citizenship: migrants and emigrants;<br/>Pedagogies of duty, protestations of rights;<br/>The unsocial compact;<br/>Social citizenship in neo-liberal times;<br/>Genealogies of mediated citizenship;<br/>Passages from backwardness to citizenship;<br/>The future of the civic community.
650 ## - SUBJECT ADDED ENTRY--TOPICAL TERM
Topical term or geographic name entry element Citizenship - India - History
700 ## - ADDED ENTRY--PERSONAL NAME
Personal name
--
942 ## - ADDED ENTRY ELEMENTS (KOHA)
Source of classification or shelving scheme Dewey Decimal Classification
Koha item type BOOKs
Holdings
Withdrawn status Lost status Source of classification or shelving scheme Damaged status Not for loan Home library Current library Shelving location Date acquired Cost, normal purchase price Total Checkouts Total Renewals Full call number Barcode Date last seen Date last checked out Price effective from Koha item type
    Dewey Decimal Classification     NLS NLS General Stacks 30/05/2017 795.00 8 2 323.060954 JAY 30193 23/01/2026 10/01/2026 30/05/2017 BOOKs